Planning programs in recreation /

Bibliographic Details
Main Author: Russell, Ruth V., 1948-
Format: Book
Language:English
Published: St. Louis : Mosby, 1982.
Subjects:

MARC

Tag First Indicator Second Indicator Subfields
LEADER 00000pam a2200000 a 4500
001 in00000088011
005 20151008064948.0
008 810826s1982 moua b 00110 eng
010 |a  81014098  
020 |a 0801642310 (pbk.) 
035 |a (OCoLC)07774124 
035 |9 AAK5110AM 
039 0 |a 2  |b 3  |c 3  |d 3  |e 3 
040 |a DLC  |c DLC  |d TXA  |d UtOrBLW 
049 |a TXAM  |c [1561115] 
050 0 0 |a GV181.43  |b .R87 1982 
082 0 |a 790/.06/9  |2 19 
100 1 |a Russell, Ruth V.,  |d 1948- 
245 1 0 |a Planning programs in recreation /  |c Ruth V. Russell. 
264 1 |a St. Louis :  |b Mosby,  |c 1982. 
300 |a xvi, 352 pages :  |b illustrations ;  |c 24 cm. 
336 |a text  |b txt  |2 rdacontent 
337 |a unmediated  |b n  |2 rdamedia 
338 |a volume  |b nc  |2 rdacarrier 
500 |a Includes index. 
504 |a Bibliography: pages 333-339. 
650 0 |a Recreation  |x Planning. 
999 |a MARS 
999 f f |s 57539558-0da5-3f8c-bd37-ccb48122da8b  |i 9dd046af-b96f-3d37-8469-6b79927a64f6  |t 0 
952 f f |p normal  |a Texas A&M University  |b College Station  |c Sterling C. Evans Library  |d Evans: Library Stacks  |t 0  |e GV181.43 .R87 1982  |h Library of Congress classification  |i unmediated -- volume  |m A14806115313 
998 f f |a GV181.43 .R87 1982  |t 0  |l Evans: Library Stacks